00455pab a2200145 454500008004000000100002300040245013300063260000900196300001300205362001200218650003100230650002900261650001100290773000800301180718b2004 xxu||||| |||| 00| 0 eng d aBagchi, Krishnendu aA study into relationship between cognitive style and scholastic achievement of different subjects of tribal students in Tripura c2004 ap.13-23. aJul-Sep aStudents - India - Tripura aTribes - India - Tripura aTribes aTUI